Estadísticas para Números en diferentes idiomas

Haz click aquí para intentar la prueba.

Estadísticas generales

  • Esta prueba ha sido intentada 187 veces
  • La puntuación promedio es 35 de 55

Estadísticas de respuestas

#LinguaName% Correcto
3Italiantre
100%
1Frenchun
100%
5Spanishcinco
99%
4Spanishcuatro
99%
2Spanishdos
99%
9Spanishnueve
99%
8Spanishocho
99%
6Italiansei
99%
7Spanishsiete
99%
1Italianuno
99%
1Spanishuno
99%
10Spanishdiez
98%
3Spanishtres
98%
3Latintres*tria
98%
6Spanishseis
96%
0Spanishcero
95%
0Italianzero
86%
0Frenchzéro
86%
5Frenchcinq
83%
7Italiansette
75%
4Frenchquatre
71%
3Frenchtrois
71%
2Italiandue
70%
9Italiannove
70%
6Frenchsix
69%
8Italianotto
68%
5Italiancinque
67%
2Frenchdeux
67%
9Frenchneuf
64%
7Frenchsept
64%
4Italianquattro
63%
10Frenchdix
62%
8Frenchhuit
61%
3Germandrei
55%
5Germanfünf
55%
1Germaneins
53%
8Germanacht
51%
2Germanzwei
51%
7Germansieben
49%
4Germanvier
48%
0Germannull
46%
6Germansechs
46%
9Germanneun
45%
10Germanzehn
43%
10Italiandieci
42%
6Latinsex
31%
2Latinduo*ae*o
22%
8Latinocto
20%
1Latinunus*a*um
20%
9Latinnovem
14%
7Latinseptem
14%
10Latindecem
13%
5Latinquinque
12%
4Latinquattuor
11%
0Latinnihil
5%

Distribución de puntuación

Porcentaje por número respondido

Porcentaje de gente con cada puntuación

Historial de tus puntuaciones

No has intentado esta prueba.